Biological science 1 & 2 / (Record no. 156830)

MARC details
000 -LEADER
fixed length control field 00647pam a22002297a 4500
008 - FIXED-LENGTH DATA ELEMENTS--GENERAL INFORMATION
fixed length control field
020 ## - INTERNATIONAL STANDARD BOOK NUMBER
International Standard Book Number 0521383803 (hbk.)
049 ## - LOCAL HOLDINGS (OCLC)
Holding library MAIN
090 ## - LOCALLY ASSIGNED LC-TYPE CALL NUMBER (OCLC); LOCAL CALL NUMBER (RLIN)
Classification number (OCLC) (R) ; Classification number, CALL (RLIN) (NR) QH308.7
Local cutter number (OCLC) ; Book number/undivided call number, CALL (RLIN) GRE
003 - CONTROL NUMBER IDENTIFIER
control field
005 - DATE AND TIME OF LATEST TRANSACTION
control field 20230123133921.0
040 ## - CATALOGING SOURCE
Transcribing agency NUST
100 1# - MAIN ENTRY--PERSONAL NAME
Personal name Green, N.P.O.
245 10 - TITLE STATEMENT
Title Biological science 1 & 2 /
Statement of responsibility, etc. N.P.O. Green, G.W. Stout, D.J. Taylor.
260 ## - PUBLICATION, DISTRIBUTION, ETC.
Place of publication, distribution, etc. Cambridge :
Name of publisher, distributor, etc. Cambridge University Press,
Date of publication, distribution, etc. 1990.
300 ## - PHYSICAL DESCRIPTION
Extent xv, 972 p. :
Other physical details ill. ;
Dimensions 29cm.
650 #0 - SUBJECT ADDED ENTRY--TOPICAL TERM
Topical term or geographic name entry element Biology.
700 1# - ADDED ENTRY--PERSONAL NAME
Personal name Stout, G.W.
700 1# - ADDED ENTRY--PERSONAL NAME
Personal name Taylor, D.J.
907 ## - LOCAL DATA ELEMENT G, LDG (RLIN)
a .b10013271
b 22-05-13
c 17-04-03
942 ## - ADDED ENTRY ELEMENTS (KOHA)
Koha item type Ordinary Loan Books
Call number prefix QH308.7
Call number suffix GRE
Holdings
Date last seen Total Checkouts Full call number Barcode Cost, replacement price Price effective from Koha item type Lost status Source of classification or shelving scheme Damaged status Not for loan Collection Withdrawn status Home library Current library Shelving location Date acquired Cost, normal purchase price
01/23/2023 8 QH308.7 GRE 92003034991 80.00 01/23/2023 BOOKS   LCC     NFIC   MAIN MAIN GEN 01/23/2023 80.00